000
00250nam a22001217a 4500
008
171107b xxu||||| |||| 00| 0 eng d
041
_a
alb
080
_a
330.322
100
_a
63
101
_a
INV
245
_a
INVESTIME
_c
KRIPA,D
942
_2
udc
_c
BK
999
_c
38141
_d
38141